Capitales intérieures - 3 - Statistiques

Statistiques générales
  • Ce quiz a été pris 118 fois
  • Le résultat moyen est 16 sur 24
Statistiques - réponses
Ville Etat % Correct
Milan Italie
97%
Saint-Jacques de Compostelle Espagne
96%
Lausanne Suisse
96%
Munich Allemagne
95%
Cracovie Pologne
94%
Cardiff Royaume Uni
91%
Brisbane Australie
89%
Cardiff Pays de Galles
89%
Innsbruck Autriche
80%
Munich Bavière
79%
Basse-Terre Guadeloupe
76%
Basse-Terre France
75%
Tallahassee USA
75%
Manaus Brésil
72%
Halifax Canada
69%
Tallahassee Floride
62%
Milan Lombardie
60%
Saint-Jacques de Compostelle Galice
56%
Innsbruck Tyrol
38%
Lausanne Vaud
37%
Brisbane Queensland
36%
Halifax Nouvelle Ecosse
34%
Manaus Amazonie
31%
Cracovie Petite Pologne
9%
Aucun quiz correspondant
Distribution des résultats
% des personnes avec chaque résultat
Percentile par nombre de réponses
Votre historique - résultats
Vous n’avez pas pris ce quiz